Statistiche per Piloti più giovani a Punti in Formula 1

Clicka qui per fare il quiz!

Statistiche generali

  • Questo quiz è stato fatto 28 volte
  • Il punteggio medio è 5 su 10

Statistiche sulle risposte

NazioneEtàPrimo gran premio a puntiPilota% Corretto
Paesi Bassi17 anni, 180 giorniGran Premio della Malesia 2015Max Verstappen
100%
Canada18 anni, 225 giorniGran Premio del Canada 2017Lance Stroll
83%
Regno Unito19 anni, 138 giorniGran Premio del Bahrein 2019Lando Norris
83%
Germania19 anni, 349 giorniGran Premio degli Stati Uniti d'America 2007Sebastian Vettel
83%
Francia20 anni, 190 giorniGran Premio d'Australia 2017Esteban Ocon
58%
Russia19 anni, 324 giorniGran Premio d'Australia 2014Daniil Kvjat
33%
Regno Unito20 anni, 67 giorniGran Premio del Brasile 2000Jenson Button
25%
Svizzera20 anni, 150 giorniGran Premio d'Australia 2009Sébastien Buemi
17%
Messico20 anni, 124 giorniGran Premio del Belgio 1962Ricardo Rodríguez
8%
Spagna20 anni, 12 giorniGran Premio della Malesia 2010Jaime Alguersuari
4%

Distribuzione punteggi

Percentile per numero di risposta

Percentuale di utenti per punteggio

I tuoi punteggi nel tempo

Non hai fatto questo quiz